Developing Communication Skills/ (Record no. 190724)

MARC details
000 -LEADER
fixed length control field 00593nam a22001937a 4500
005 - DATE AND TIME OF LATEST TRANSACTION
control field 20220803154323.0
010 ## - LCCN (DPL NO)
LC control number ENG-134212
020 ## - INTERNATIONAL STANDARD BOOK NUMBER
International Standard Book Number 9789390288762
Terms of availability 100.00
035 ## - SYSTEM CONTROL NUMBER
System control number EN-117744
037 ## - SOURCE OF ACQUISITION
Source of stock number/acquisition DBAD/PUB
082 ## - DEWEY DECIMAL CLASSIFICATION NUMBER
Classification number 485
100 ## - MAIN ENTRY--PERSONAL NAME
Personal name Chaudhari, Vijay
245 ## - TITLE STATEMENT
Title Developing Communication Skills/
Statement of responsibility, etc Vijay Chaudhari and Dinesh Deore
260 ## - PUBLICATION, DISTRIBUTION, ETC. (IMPRINT)
Place of publication, distribution, etc Dhule
Name of publisher, distributor, etc Yuvraj Mali
Date of publication, distribution, etc 2020
270 ## - ADDRESS
Address 17, Devidas Colony, Varkhedi Road
City Dhule
Postal code 424001
Electronic mail address artharvapublications@gmail.com
300 ## - PHYSICAL DESCRIPTION
Extent 96p.
Dimensions 24cm(pbk)
700 ## - ADDED ENTRY--PERSONAL NAME
Personal name Deore, Dinesh
942 ## - ADDED ENTRY ELEMENTS (KOHA)
Source of classification or shelving scheme Dewey Decimal Classification
Item type English Books
Classification part 485
Call number suffix CHA
Holdings
Withdrawn status Lost status Not for loan Collection code Home library Current library Date acquired Source of acquisition Cost, normal purchase price Full call number Barcode Copy number Cost, replacement price Koha item type
      Non-fiction Ashok Vihar Ashok Vihar 03/08/2022 DBAD/PUB 100.00 485 CHA EN-117744 1 100.00 English Books

© Delhi Public Library
Hit Counter
free hit counter